00442nam a22001577a 450000500170000001000150001702000260003203500140005803700090007208200090008110000190009024500520010926000340016127000700019530000190026520250704142146.0 aENG-145699 a9788197989704c150.00 aEN-129231 bDBAD aN21 aCarroll, Lewis aAlices Adventures in Wonderland/cLewis Carroll aChandigarhbThe Browserc2025 bChandigarhaSCO 14-15, Sector 8-Ce160009mservice@thebrowser.org a99p.c20cm(pb)